[Event "MMM"]
[Site "Galaxy Gesia 22a - Krakow"]
[Date "2022.06.18"]
[Round "6.7"]
[White "Trybus, Daniel"]
[Black "Chylewski, Patryk"]
[Result "1-0"]
[BlackElo "2302"]
[WhiteElo "2199"]
[LiveChessVersion "1.4.8"]

1. e4 {[%clk 1:30:59]} c5 {[%clk 1:30:56]} 2. Nf3 {[%clk 1:31:26]} d6
{[%clk 1:31:21]} 3. d4 {[%clk 1:31:54]} cxd4 {[%clk 1:31:46]} 4. Nxd4
{[%clk 1:32:22]} Nf6 {[%clk 1:32:11]} 5. Nc3 {[%clk 1:32:50]} a6 {[%clk 1:32:35]}
6. h4 {[%clk 1:33:19]} e5 {[%clk 1:31:30]} 7. Nb3 {[%clk 1:33:46]} b5
{[%clk 1:18:24]} 8. a4 {[%clk 1:26:18]} b4 {[%clk 1:18:37]} 9. Nd5
{[%clk 1:26:23]} Nxd5 {[%clk 1:16:41]} 10. Qxd5 {[%clk 1:25:04]} Ra7
{[%clk 1:16:33]} 11. Be3 {[%clk 1:22:32]} Rd7 {[%clk 1:12:31]} 12. Na5
{[%clk 1:17:05]} Qc7 {[%clk 0:56:47]} 13. Bc4 {[%clk 1:12:27]} h6
{[%clk 0:48:14]} 14. O-O-O {[%clk 1:09:17]} Bb7 {[%clk 0:46:12]} 15. Nxb7
{[%clk 1:08:51]} Qxb7 {[%clk 0:46:36]} 16. Qxb7 {[%clk 1:08:37]} Rxb7
{[%clk 0:47:01]} 17. Bd5 {[%clk 1:09:04]} Rc7 {[%clk 0:45:11]} 18. Bb6
{[%clk 1:08:23]} Rc8 {[%clk 0:44:55]} 19. Bb7 {[%clk 1:04:58]} Rc4
{[%clk 0:45:15]} 20. Rh3 {[%clk 1:01:49]} Be7 {[%clk 0:36:41]} 21. b3
{[%clk 0:59:38]} Rc3 {[%clk 0:35:35]} 22. Rxc3 {[%clk 0:58:34]} bxc3
{[%clk 0:36:01]} 23. g3 {[%clk 0:58:20]} Kd7 {[%clk 0:32:08]} 24. Ba5
{[%clk 0:58:16]} Rf8 {[%clk 0:29:19]} 25. Bxc3 {[%clk 0:56:32]} Kc7
{[%clk 0:29:30]} 26. Bd5 {[%clk 0:56:46]} f5 {[%clk 0:29:22]} 27. exf5
{[%clk 0:56:28]} Rxf5 {[%clk 0:29:43]} 28. f3 {[%clk 0:56:40]} Nd7
{[%clk 0:29:13]} 29. Ba5+ {[%clk 0:56:29]} Kc8 {[%clk 0:29:38]} 30. Rd3
{[%clk 0:55:51]} Nc5 {[%clk 0:29:53]} 31. Rc3 {[%clk 0:55:28]} Kb8
{[%clk 0:29:40]} 32. b4 {[%clk 0:50:02]} 1-0

[Event "MMM"]
[Site "Galaxy Gesia 22a - Krakow"]
[Date "2022.06.18"]
[Round "6.8"]
[White "Cieslak, Patryk"]
[Black "Van De Lisdonk, Lucien"]
[Result "1/2-1/2"]
[BlackElo "2053"]
[WhiteElo "1984"]
[LiveChessVersion "1.4.8"]

1. e4 {[%clk 1:30:58]} c5 {[%clk 1:30:46]} 2. Nf3 {[%clk 1:31:21]} Nc6
{[%clk 1:31:12]} 3. d4 {[%clk 1:31:41]} cxd4 {[%clk 1:31:35]} 4. Nxd4
{[%clk 1:32:07]} Nf6 {[%clk 1:31:59]} 5. Nc3 {[%clk 1:32:33]} e5 {[%clk 1:32:14]}
6. Ndb5 {[%clk 1:32:58]} d6 {[%clk 1:32:37]} 7. Bg5 {[%clk 1:33:22]} a6
{[%clk 1:33:02]} 8. Na3 {[%clk 1:33:49]} Be6 {[%clk 1:32:48]} 9. Nc4
{[%clk 1:32:47]} Rc8 {[%clk 1:33:13]} 10. Ne3 {[%clk 1:31:39]} Be7
{[%clk 1:33:25]} 11. Bxf6 {[%clk 1:29:56]} Bxf6 {[%clk 1:32:32]} 12. Ncd5
{[%clk 1:28:31]} Bg5 {[%clk 1:30:48]} 13. c3 {[%clk 1:26:00]} Ne7
{[%clk 1:22:47]} 14. Be2 {[%clk 1:20:47]} O-O {[%clk 1:22:04]} 15. O-O
{[%clk 1:20:40]} Bxe3 {[%clk 1:21:01]} 16. Nxe3 {[%clk 1:20:45]} d5
{[%clk 1:21:19]} 17. exd5 {[%clk 1:20:08]} Nxd5 {[%clk 1:21:43]} 18. Nxd5
{[%clk 1:18:52]} Bxd5 {[%clk 1:21:46]} 1/2-1/2

[Event "MMM"]
[Site "Galaxy Gesia 22a - Krakow"]
[Date "2022.06.18"]
[Round "6.9"]
[White "Krawczyk, Wojciech"]
[Black "Kyc, Jerzy"]
[Result "0-1"]
[BlackElo "2213"]
[WhiteElo "2036"]
[LiveChessVersion "1.4.8"]

1. e4 {[%clk 1:30:47]} c5 {[%clk 1:30:58]} 2. Nf3 {[%clk 1:31:10]} d6
{[%clk 1:31:26]} 3. Bb5+ {[%clk 1:31:30]} Bd7 4. Bxd7+ {[%clk 1:30:51]} Qxd7
{[%clk 1:32:04]} 5. O-O {[%clk 1:31:13]} Nc6 {[%clk 1:32:28]} 6. Nc3 g6
{[%clk 1:33:14]} 7. Re1 {[%clk 1:31:59]} Bg7 8. d3 {[%clk 1:32:23]} e5
{[%clk 1:33:26]} 9. Nd2 {[%clk 1:32:38]} Nge7 {[%clk 1:33:46]} 10. Nc4
{[%clk 1:32:53]} O-O {[%clk 1:34:03]} 11. f4 {[%clk 1:31:14]} f5 {[%clk 1:32:58]}
12. fxe5 {[%clk 1:25:17]} dxe5 {[%clk 1:28:25]} 13. exf5 {[%clk 1:22:07]} gxf5
{[%clk 1:28:39]} 14. Re3 {[%clk 1:09:42]} Rf6 {[%clk 1:20:06]} 15. Rh3
{[%clk 1:04:40]} Rg6 {[%clk 1:18:10]} 16. Qh5 {[%clk 1:00:45]} h6
{[%clk 1:14:21]} 17. Rg3 {[%clk 1:00:35]} Rxg3 {[%clk 1:13:49]} 18. hxg3
{[%clk 1:00:57]} Qe6 {[%clk 1:13:55]} 19. Ne2 {[%clk 0:56:18]} Nb4
{[%clk 1:11:03]} 20. Na3 {[%clk 0:53:16]} Rf8 {[%clk 1:04:26]} 21. Qf3
{[%clk 0:49:51]} b6 {[%clk 1:03:29]} 22. c3 {[%clk 0:45:31]} Nbd5
{[%clk 0:49:11]} 23. Qf1 {[%clk 0:34:49]} Ng6 {[%clk 0:48:53]} 24. Nc2
{[%clk 0:33:52]} f4 {[%clk 0:41:12]} 25. Qf3 {[%clk 0:25:04]} fxg3
{[%clk 0:38:55]} 26. Qxg3 {[%clk 0:25:03]} Ndf4 {[%clk 0:37:56]} 27. Nxf4
{[%clk 0:17:02]} exf4 {[%clk 0:38:06]} 28. Qf2 {[%clk 0:16:52]} Ne5 29. d4
{[%clk 0:16:27]} Ng4 {[%clk 0:35:14]} 30. Qf3 {[%clk 0:15:46]} cxd4
{[%clk 0:34:02]} 31. Nxd4 {[%clk 0:14:32]} Qe1+ {[%clk 0:33:06]} 32. Qf1
{[%clk 0:14:31]} Bxd4+ {[%clk 0:32:38]} 33. cxd4 {[%clk 0:14:53]} Qg3
{[%clk 0:30:54]} 34. Qf3 {[%clk 0:13:29]} Qe1+ {[%clk 0:30:56]} 35. Qf1
{[%clk 0:13:54]} Qe4 {[%clk 0:31:16]} 36. Qc4+ {[%clk 0:10:15]} Kh8
{[%clk 0:31:12]} 37. Bd2 {[%clk 0:07:15]} f3 {[%clk 0:31:21]} 38. Rf1
{[%clk 0:03:49]} f2+ {[%clk 0:31:38]} 39. Kh1 {[%clk 0:03:47]} Ne3
{[%clk 0:31:48]} 0-1

[Event "MMM"]
[Site "Galaxy Gesia 22a - Krakow"]
[Date "2022.06.18"]
[Round "6.10"]
[White "Meers, Hubert"]
[Black "Janeczko, Jakub"]
[Result "*"]
[BlackElo "2087"]
[WhiteElo "2015"]
[LiveChessVersion "1.4.8"]

1. e4 {[%clk 1:30:59]} g6 {[%clk 1:29:50]} 2. Nc3 {[%clk 1:28:49]} Bg7
{[%clk 1:30:12]} 3. d4 {[%clk 1:29:12]} c6 {[%clk 1:30:37]} 4. Nf3
{[%clk 1:29:10]} d5 {[%clk 1:31:00]} 5. h3 {[%clk 1:29:38]} Nf6 {[%clk 1:31:20]}
6. e5 {[%clk 1:29:22]} Ne4 {[%clk 1:31:47]} 7. Bd3 {[%clk 1:24:51]} Nxc3
{[%clk 1:32:07]} 8. bxc3 {[%clk 1:25:19]} c5 {[%clk 1:32:24]} 9. dxc5
{[%clk 1:19:17]} Qa5 {[%clk 1:29:35]} 10. O-O {[%clk 1:18:01]} Nc6
{[%clk 1:29:23]} 11. Be3 {[%clk 1:13:31]} Qxc3 {[%clk 1:27:18]} 12. Rb1
{[%clk 1:12:23]} O-O {[%clk 1:26:36]} 13. Rb3 {[%clk 1:04:47]} Qa5
{[%clk 1:26:44]} 14. Qa1 {[%clk 1:04:45]} Qc7 {[%clk 1:20:12]} 15. Bd4
{[%clk 1:03:59]} Nxd4 {[%clk 1:14:17]} 16. Qxd4 {[%clk 1:04:24]} Bd7
{[%clk 1:14:27]} 17. Qxd5 {[%clk 0:40:22]} Bc6 {[%clk 1:12:56]} 18. Qd4
{[%clk 0:40:21]} Bxf3 {[%clk 0:56:57]} 19. gxf3 {[%clk 0:40:49]} Bxe5
{[%clk 0:56:50]} 20. Qe4 {[%clk 0:40:56]} Bf6 {[%clk 0:56:28]} 21. Rxb7
{[%clk 0:38:54]} Qxc5 {[%clk 0:56:49]} 22. a4 {[%clk 0:38:03]} Rfd8
{[%clk 0:56:51]} 23. Rb5 {[%clk 0:37:56]} Qc8 {[%clk 0:56:44]} 24. Qg4
{[%clk 0:37:03]} Qc3 {[%clk 0:53:42]} 25. Rb3 {[%clk 0:31:55]} Qd2
{[%clk 0:49:58]} 26. Qb4 {[%clk 0:30:20]} Qh6 {[%clk 0:49:31]} 27. Be4
{[%clk 0:24:41]} Qg5+ {[%clk 0:44:45]} 28. Kh1 {[%clk 0:24:36]} a5
{[%clk 0:43:55]} 29. Qe1 {[%clk 0:20:42]} Ra6 {[%clk 0:35:53]} 30. Rb5
{[%clk 0:15:25]} Qh4 {[%clk 0:35:25]} 31. Kg2 {[%clk 0:15:46]} Rd4
{[%clk 0:32:44]} 32. Qe2 {[%clk 0:10:10]} Kg7 {[%clk 0:26:50]} 33. c4
{[%clk 0:10:31]} Qf4 {[%clk 0:26:39]} 34. Rd5 {[%clk 0:09:12]} Be5
{[%clk 0:26:21]} 35. Rh1 {[%clk 0:09:36]} Qg5+ {[%clk 0:22:42]} 36. Kf1
{[%clk 0:10:05]} Rd6 {[%clk 0:13:55]} 37. h4 {[%clk 0:08:42]} Qf4
{[%clk 0:13:29]} 38. Rxd6 {[%clk 0:04:22]} exd6 {[%clk 0:13:07]} 39. Bd5
{[%clk 0:04:24]} Rd2 {[%clk 0:12:51]} 40. Qe3 {[%clk 0:04:41]} h5
{[%clk 0:11:40]} *

[Event "MMM"]
[Site "Galaxy Gesia 22a - Krakow"]
[Date "2022.06.18"]
[Round "6.11"]
[White "Palosz, Andrzej"]
[Black "Wnek, Filip"]
[Result "0-1"]
[BlackElo "2002"]
[WhiteElo "2034"]
[LiveChessVersion "1.4.8"]

1. e4 {[%clk 1:30:42]} c5 {[%clk 1:30:55]} 2. Nc3 {[%clk 1:30:52]} d6
{[%clk 1:30:48]} 3. g3 {[%clk 1:30:56]} g6 {[%clk 1:30:50]} 4. Bg2
{[%clk 1:31:19]} Bg7 {[%clk 1:31:14]} 5. Nge2 {[%clk 1:31:21]} Nc6
{[%clk 1:31:12]} 6. d3 {[%clk 1:31:28]} e6 {[%clk 1:31:35]} 7. Be3
{[%clk 1:31:14]} Nge7 {[%clk 1:31:57]} 8. Qd2 {[%clk 1:31:04]} Nd4
{[%clk 1:31:22]} 9. O-O {[%clk 1:31:10]} O-O {[%clk 1:31:40]} 10. Nd1
{[%clk 1:29:11]} Nxe2+ {[%clk 1:30:43]} 11. Qxe2 {[%clk 1:29:32]} b6
{[%clk 1:30:43]} 12. c3 {[%clk 1:28:49]} Bb7 {[%clk 1:26:30]} 13. f4
{[%clk 1:25:03]} f5 {[%clk 1:26:10]} 14. Nf2 {[%clk 1:24:42]} Qc7
{[%clk 1:24:20]} 15. g4 {[%clk 1:21:55]} Rad8 {[%clk 1:22:20]} 16. Nh3
{[%clk 1:20:41]} h6 {[%clk 1:22:02]} 17. Bf2 {[%clk 1:20:36]} Rde8
{[%clk 1:17:40]} 18. Bh4 {[%clk 1:18:12]} Kh7 {[%clk 1:15:51]} 19. Rae1
{[%clk 1:17:38]} Nc8 {[%clk 1:11:50]} 20. gxf5 {[%clk 1:07:56]} exf5
{[%clk 1:11:20]} 21. Qc2 {[%clk 1:07:33]} Bc6 {[%clk 1:07:31]} 22. Re3
{[%clk 1:03:37]} c4 {[%clk 1:01:35]} 23. Rfe1 {[%clk 0:52:59]} cxd3
{[%clk 1:00:13]} 24. Qxd3 {[%clk 0:53:13]} fxe4 {[%clk 0:57:34]} 25. Bxe4
{[%clk 0:53:29]} Bxe4 {[%clk 0:57:38]} 26. Rxe4 {[%clk 0:53:52]} Qc5+
{[%clk 0:57:20]} 27. Nf2 {[%clk 0:50:55]} Rxe4 {[%clk 0:55:42]} 28. Rxe4
{[%clk 0:49:43]} d5 {[%clk 0:55:50]} 29. Re6 {[%clk 0:49:23]} Rf5
{[%clk 0:56:07]} 30. Qg3 {[%clk 0:48:50]} g5 {[%clk 0:50:55]} 31. fxg5
{[%clk 0:47:32]} hxg5 {[%clk 0:49:33]} 32. Bxg5 {[%clk 0:46:36]} d4
{[%clk 0:48:01]} 33. Qh3+ {[%clk 0:37:22]} Kg8 {[%clk 0:48:25]} 34. Re8+
{[%clk 0:37:19]} Bf8 {[%clk 0:44:53]} 35. Bh4 {[%clk 0:23:41]} dxc3
{[%clk 0:40:52]} 36. Qxc3 {[%clk 0:22:39]} Qxc3 {[%clk 0:40:26]} 37. bxc3
{[%clk 0:23:01]} Rc5 {[%clk 0:40:27]} 38. Ne4 {[%clk 0:23:01]} Rc4
{[%clk 0:40:38]} 39. Re6 {[%clk 0:17:22]} Bg7 {[%clk 0:39:35]} 40. Be1
{[%clk 0:16:31]} Kf8 {[%clk 0:34:27]} 41. h4 {[%clk 0:16:30]} Ne7
{[%clk 0:32:25]} 42. h5 {[%clk 0:15:54]} Nd5 {[%clk 0:31:29]} 43. Nd6
{[%clk 0:13:04]} Rg4+ {[%clk 0:31:39]} 44. Kh2 {[%clk 0:13:24]} Nc7
{[%clk 0:30:15]} 45. Re3 {[%clk 0:12:49]} Rg5 {[%clk 0:29:23]} 46. Rh3
{[%clk 0:13:17]} Be5+ {[%clk 0:29:37]} 47. Bg3 {[%clk 0:13:15]} Rxg3
{[%clk 0:29:56]} 48. Rxg3 {[%clk 0:12:45]} Bxd6 {[%clk 0:30:19]} 49. Kh3
{[%clk 0:13:03]} Bxg3 {[%clk 0:30:43]} 50. Kxg3 {[%clk 0:13:29]} Nd5
{[%clk 0:31:07]} 0-1

[Event "MMM"]
[Site "Galaxy Gesia 22a - Krakow"]
[Date "2022.06.18"]
[Round "6.12"]
[White "Stam, Hans"]
[Black "Dziewonski, Dariusz"]
[Result "*"]
[BlackElo "2015"]
[WhiteElo "2094"]
[LiveChessVersion "1.4.8"]

1. e4 {[%clk 1:30:57]} e5 {[%clk 1:30:56]} 2. Nf3 {[%clk 1:31:23]} Nc6
{[%clk 1:31:23]} 3. Bb5 {[%clk 1:31:48]} a6 {[%clk 1:31:48]} 4. Ba4
{[%clk 1:32:15]} Nf6 {[%clk 1:32:11]} 5. O-O {[%clk 1:32:37]} b5 {[%clk 1:32:20]}
6. Bb3 {[%clk 1:33:00]} Be7 {[%clk 1:32:08]} 7. Re1 {[%clk 1:33:07]} d6
{[%clk 1:32:24]} 8. c3 {[%clk 1:33:30]} O-O {[%clk 1:32:47]} 9. h3
{[%clk 1:33:27]} Nb8 {[%clk 1:28:58]} 10. d4 {[%clk 1:33:49]} Nbd7
{[%clk 1:29:23]} 11. Nbd2 {[%clk 1:32:09]} h6 {[%clk 1:27:55]} 12. Nf1
{[%clk 1:31:52]} Re8 {[%clk 1:22:21]} 13. Ng3 {[%clk 1:29:22]} Bf8
{[%clk 1:22:26]} 14. Nh4 {[%clk 1:15:01]} Bb7 {[%clk 1:08:17]} 15. dxe5
{[%clk 1:03:58]} dxe5 {[%clk 0:59:31]} 16. Qf3 {[%clk 1:00:22]} c5
{[%clk 0:51:34]} 17. Nhf5 {[%clk 0:59:15]} c4 {[%clk 0:48:10]} 18. Bc2
{[%clk 0:59:39]} Kh7 {[%clk 0:43:16]} 19. Rd1 {[%clk 0:55:10]} Qc7
{[%clk 0:36:27]} 20. Ne3 {[%clk 0:47:11]} g6 {[%clk 0:31:15]} 21. Nd5
{[%clk 0:45:36]} Qc6 {[%clk 0:29:44]} 22. Be3 {[%clk 0:44:42]} Bg7
{[%clk 0:25:15]} 23. b4 {[%clk 0:32:54]} Rad8 {[%clk 0:21:15]} 24. a4
{[%clk 0:30:03]} Nxd5 {[%clk 0:16:39]} 25. axb5 {[%clk 0:28:16]} axb5
{[%clk 0:16:23]} 26. Rxd5 {[%clk 0:28:36]} f5 {[%clk 0:12:57]} 27. exf5
{[%clk 0:27:01]} e4 {[%clk 0:11:03]} 28. fxg6+ {[%clk 0:27:11]} Kh8
{[%clk 0:11:06]} 29. Bxe4 {[%clk 0:23:49]} Rxe4 {[%clk 0:11:28]} 30. Rad1
{[%clk 0:24:13]} Ree8 {[%clk 0:06:44]} 31. Bf4 {[%clk 0:19:09]} Qxg6
{[%clk 0:03:46]} 32. Qh5 {[%clk 0:19:24]} Qxh5 {[%clk 0:03:17]} 33. Rxh5
{[%clk 0:19:47]} Nf6 {[%clk 0:02:17]} 34. Rxd8 {[%clk 0:20:11]} Rxd8
{[%clk 0:02:44]} 35. Rxb5 {[%clk 0:20:30]} Be4 {[%clk 0:02:18]} 36. Be5
{[%clk 0:19:26]} Bd3 {[%clk 0:02:06]} 37. Rb7 {[%clk 0:19:44]} Rd7
{[%clk 0:01:36]} 38. Rb8+ {[%clk 0:19:36]} Kh7 {[%clk 0:02:02]} 39. Ra8
{[%clk 0:17:45]} Nd5 {[%clk 0:01:49]} 40. Bxg7 {[%clk 0:18:07]} Kxg7
{[%clk 0:02:15]} 41. Ra3 {[%clk 0:18:30]} Re7 {[%clk 0:01:47]} 42. Ra6
{[%clk 0:17:24]} Re1+ {[%clk 0:01:39]} 43. Kh2 {[%clk 0:17:46]} Nxc3
{[%clk 0:01:57]} 44. Nh5+ {[%clk 0:18:08]} Kf7 {[%clk 0:02:17]} *

[Event "MMM"]
[Site "Galaxy Gesia 22a - Krakow"]
[Date "2022.06.18"]
[Round "6.15"]
[White "Maj, Samuel"]
[Black "Koziej, Maciej"]
[Result "1-0"]
[BlackElo "1953"]
[WhiteElo "1935"]
[LiveChessVersion "1.4.8"]

1. d4 {[%clk 1:30:58]} Nf6 {[%clk 1:30:54]} 2. c4 {[%clk 1:31:25]} e6
{[%clk 1:31:21]} 3. Nf3 {[%clk 1:31:48]} d5 {[%clk 1:31:41]} 4. g3
{[%clk 1:32:14]} Bb4+ {[%clk 1:31:57]} 5. Bd2 {[%clk 1:32:28]} Be7
{[%clk 1:32:21]} 6. Bg2 {[%clk 1:32:39]} O-O {[%clk 1:32:27]} 7. O-O
{[%clk 1:32:54]} c6 {[%clk 1:32:11]} 8. Qc2 {[%clk 1:33:02]} Nbd7
{[%clk 1:31:45]} 9. Bf4 {[%clk 1:33:00]} Ne4 {[%clk 1:23:23]} 10. Nc3
{[%clk 1:32:01]} g5 {[%clk 1:20:43]} 11. Bd2 {[%clk 1:27:37]} f5 {[%clk 1:20:24]}
12. Qc1 {[%clk 1:23:09]} g4 {[%clk 1:14:15]} 13. Ne1 {[%clk 1:21:44]} Nxd2
{[%clk 1:10:26]} 14. Qxd2 {[%clk 1:22:11]} dxc4 {[%clk 1:10:25]} 15. e4
{[%clk 1:12:33]} Nb6 {[%clk 1:01:31]} 16. Nc2 {[%clk 1:10:46]} e5
{[%clk 0:56:03]} 17. Rfd1 {[%clk 1:02:52]} f4 {[%clk 0:54:42]} 18. dxe5
{[%clk 1:00:53]} f3 {[%clk 0:53:24]} 19. Bf1 {[%clk 0:56:45]} Qc7
{[%clk 0:47:00]} 20. a4 {[%clk 0:53:08]} a5 {[%clk 0:45:20]} 21. e6
{[%clk 0:47:54]} Bxe6 {[%clk 0:43:38]} 22. Nd4 {[%clk 0:47:21]} Bd7
{[%clk 0:41:38]} 23. Qe3 {[%clk 0:43:33]} Bf6 {[%clk 0:34:43]} 24. Nf5
{[%clk 0:38:33]} Be6 {[%clk 0:14:26]} 25. h3 {[%clk 0:35:09]} h5 {[%clk 0:10:07]}
26. Rd2 {[%clk 0:24:40]} Rae8 {[%clk 0:08:35]} 27. Nd6 {[%clk 0:19:31]} Re7
{[%clk 0:08:30]} 28. h4 {[%clk 0:16:04]} Nd7 {[%clk 0:07:02]} 29. Bxc4
{[%clk 0:14:57]} Bxc4 {[%clk 0:06:51]} 30. Nxc4 {[%clk 0:15:25]} Ne5
{[%clk 0:07:03]} 31. Nxe5 {[%clk 0:14:00]} Bxe5 {[%clk 0:07:28]} 32. Kh2
{[%clk 0:13:14]} Rg7 {[%clk 0:06:08]} 33. Qh6 {[%clk 0:11:29]} Bf4
{[%clk 0:04:43]} 34. gxf4 {[%clk 0:10:35]} Rxf4 {[%clk 0:04:58]} 35. Qd6
{[%clk 0:10:18]} g3+ {[%clk 0:05:22]} 36. fxg3 {[%clk 0:10:05]} Rxh4+
{[%clk 0:05:33]} 37. gxh4 {[%clk 0:10:17]} Rg2+ {[%clk 0:05:40]} 38. Rxg2+
{[%clk 0:10:40]} 1-0

[Event "MMM"]
[Site "Galaxy Gesia 22a - Krakow"]
[Date "2022.06.18"]
[Round "6.16"]
[White "Paprocki, Antoni"]
[Black "Skrzypczynski, Kacper"]
[Result "*"]
[BlackElo "1731"]
[WhiteElo "1949"]
[LiveChessVersion "1.4.8"]

1. d4 {[%clk 1:30:57]} d5 {[%clk 1:30:53]} 2. c4 {[%clk 1:31:18]} c6
{[%clk 1:31:18]} 3. Nf3 {[%clk 1:31:35]} Nf6 {[%clk 1:31:40]} 4. Nbd2
{[%clk 1:31:31]} Bf5 {[%clk 1:30:24]} 5. Nh4 {[%clk 1:31:21]} Be4
{[%clk 1:30:48]} 6. e3 {[%clk 1:30:59]} e6 {[%clk 1:30:53]} 7. Be2
{[%clk 1:29:01]} Be7 {[%clk 1:29:45]} 8. O-O {[%clk 1:29:06]} h6 {[%clk 1:29:01]}
9. b3 {[%clk 1:26:06]} Bh7 {[%clk 1:29:07]} 10. Bb2 {[%clk 1:24:55]} O-O
{[%clk 1:29:22]} 11. Rc1 {[%clk 1:22:14]} Nbd7 {[%clk 1:29:15]} 12. a3
{[%clk 1:17:31]} a5 {[%clk 1:27:37]} 13. g3 {[%clk 1:16:14]} Bd6 {[%clk 1:27:01]}
14. Ndf3 {[%clk 1:11:57]} Qe7 {[%clk 1:25:17]} 15. c5 {[%clk 1:10:53]} Bc7
{[%clk 1:25:36]} 16. b4 {[%clk 1:08:30]} axb4 {[%clk 1:25:11]} 17. axb4
{[%clk 1:08:58]} Ra2 {[%clk 1:23:37]} 18. Qb3 {[%clk 1:08:01]} Rfa8
{[%clk 1:24:00]} 19. Ra1 {[%clk 1:06:48]} Rxa1 {[%clk 1:22:55]} 20. Rxa1
{[%clk 1:07:16]} Qd8 {[%clk 1:23:17]} 21. Qd1 {[%clk 1:06:42]} b5
{[%clk 1:19:25]} 22. cxb6 {[%clk 1:03:31]} Nxb6 {[%clk 1:19:48]} 23. Ne5
{[%clk 0:53:44]} Bxe5 {[%clk 1:19:30]} 24. dxe5 {[%clk 0:54:08]} Nfd7
{[%clk 1:19:56]} 25. Bd4 {[%clk 0:52:17]} Qb8 {[%clk 1:18:53]} 26. Nf3
{[%clk 0:49:21]} Nc8 {[%clk 1:07:02]} 27. Ra4 {[%clk 0:49:06]} Be4
{[%clk 1:00:14]} 28. Qa1 {[%clk 0:46:07]} Rxa4 {[%clk 1:00:08]} 29. Qxa4
{[%clk 0:46:36]} Bxf3 {[%clk 0:58:08]} 30. Bxf3 {[%clk 0:47:05]} Qb7
{[%clk 0:55:44]} 31. Qa5 {[%clk 0:42:33]} Ncb6 {[%clk 0:55:46]} 32. Be2
{[%clk 0:42:04]} g6 {[%clk 0:52:44]} 33. g4 {[%clk 0:34:41]} Nc4 {[%clk 0:47:47]}
34. Qd8+ {[%clk 0:33:11]} Kg7 {[%clk 0:48:11]} 35. Qe7 {[%clk 0:27:03]} Qc8
{[%clk 0:48:15]} 36. f4 {[%clk 0:26:30]} Nd2 {[%clk 0:44:32]} 37. f5
{[%clk 0:24:07]} Nf8 {[%clk 0:44:44]} 38. f6+ {[%clk 0:14:17]} Kg8
{[%clk 0:45:09]} 39. Bc5 {[%clk 0:12:03]} Ne4 {[%clk 0:44:22]} 40. Ba6
{[%clk 0:06:48]} Qa8 {[%clk 0:44:43]} 41. Ba7 {[%clk 0:02:05]} g5
{[%clk 0:40:13]} 42. Bd3 {[%clk 0:00:40]} Ng6 {[%clk 0:39:11]} 43. Qc7
{[%clk 0:00:36]} Nxe5 {[%clk 0:37:03]} 44. Bxe4 {[%clk 0:00:36]} dxe4
{[%clk 0:37:00]} 45. h3 {[%clk 0:00:33]} Nd3 {[%clk 0:35:53]} 46. Bd4
{[%clk 0:00:32]} Nxb4 {[%clk 0:35:05]} 47. Qe5 {[%clk 0:00:53]} c5
{[%clk 0:34:12]} 48. Qxc5 {[%clk 0:01:13]} Nd3 {[%clk 0:34:38]} 49. Qb5
{[%clk 0:01:10]} Qc8 {[%clk 0:34:27]} 50. Bc3 {[%clk 0:01:13]} Kh7
{[%clk 0:33:39]} 51. Qa4 {[%clk 0:01:04]} Qb7 {[%clk 0:29:40]} 52. Kg2
{[%clk 0:01:26]} *

[Event "MMM"]
[Site "Galaxy Gesia 22a - Krakow"]
[Date "2022.06.18"]
[Round "6.17"]
[White "Smietanska, Wiktoria"]
[Black "Kuciel, Wladyslaw"]
[Result "*"]
[BlackElo "1930"]
[WhiteElo "1868"]
[LiveChessVersion "1.4.8"]

1. c4 {[%clk 1:30:58]} e5 {[%clk 1:30:32]} 2. Nc3 {[%clk 1:31:19]} Nf6
{[%clk 1:30:04]} 3. Nf3 {[%clk 1:31:39]} Nc6 {[%clk 1:30:29]} 4. e4
{[%clk 1:31:59]} Bc5 {[%clk 1:27:44]} 5. Nxe5 {[%clk 1:32:15]} O-O
{[%clk 1:21:54]} 6. Nxc6 {[%clk 1:32:12]} dxc6 {[%clk 1:22:00]} 7. f3
{[%clk 1:25:50]} Re8 {[%clk 1:17:03]} 8. d3 {[%clk 1:23:51]} Nh5 {[%clk 1:11:34]}
9. g3 {[%clk 1:21:17]} f5 {[%clk 1:08:20]} 10. Qe2 {[%clk 1:16:18]} f4
{[%clk 1:06:03]} 11. gxf4 {[%clk 1:08:24]} Qh4+ {[%clk 1:06:09]} 12. Kd1
{[%clk 1:08:42]} Nxf4 {[%clk 1:06:05]} 13. Bxf4 {[%clk 1:08:39]} Qxf4
{[%clk 1:06:26]} 14. Kc2 {[%clk 1:07:32]} Be6 {[%clk 1:03:46]} 15. Bg2
{[%clk 1:06:14]} Rad8 {[%clk 1:02:56]} 16. Qe1 {[%clk 1:03:51]} Rd7
{[%clk 0:55:08]} 17. Qg3 {[%clk 0:59:53]} Qe3 {[%clk 0:54:00]} 18. Rad1
{[%clk 0:59:10]} Bd6 {[%clk 0:52:55]} 19. Qh4 {[%clk 0:55:53]} Be5
{[%clk 0:46:34]} 20. Rhe1 {[%clk 0:54:15]} Qd4 {[%clk 0:45:46]} 21. f4
{[%clk 0:52:50]} Bd6 {[%clk 0:41:54]} 22. e5 {[%clk 0:46:45]} Be7
{[%clk 0:42:14]} 23. Qh5 {[%clk 0:46:04]} g6 {[%clk 0:41:13]} 24. Qf3
{[%clk 0:45:02]} Rf8 {[%clk 0:38:22]} 25. Re4 {[%clk 0:43:26]} Qb6
{[%clk 0:37:30]} 26. Bh3 {[%clk 0:43:14]} Bf5 {[%clk 0:34:22]} 27. Bxf5
{[%clk 0:43:29]} Rxf5 {[%clk 0:34:49]} 28. Qg4 {[%clk 0:42:33]} Bb4
{[%clk 0:34:03]} 29. Ne2 {[%clk 0:31:52]} Rg7 {[%clk 0:25:04]} 30. Nd4
{[%clk 0:30:10]} Bc5 {[%clk 0:24:08]} 31. Nb3 {[%clk 0:27:10]} Be7
{[%clk 0:20:28]} 32. Rd2 {[%clk 0:26:52]} c5 {[%clk 0:17:05]} 33. d4
{[%clk 0:25:15]} cxd4 {[%clk 0:16:34]} 34. Nxd4 {[%clk 0:24:34]} Rh5
{[%clk 0:14:48]} 35. Qc8+ {[%clk 0:19:26]} Kf7 {[%clk 0:14:25]} 36. Qd7
{[%clk 0:17:10]} Rg8 {[%clk 0:12:47]} 37. Qd5+ {[%clk 0:16:26]} Kg7
{[%clk 0:12:04]} 38. Ne6+ {[%clk 0:15:26]} Kh8 {[%clk 0:10:28]} 39. Qd7
{[%clk 0:14:20]} Bb4 {[%clk 0:10:14]} 40. Rde2 {[%clk 0:09:19]} c6
{[%clk 0:09:01]} 41. Ng5 {[%clk 0:08:46]} Rf8 {[%clk 0:09:31]} 42. e6
{[%clk 0:08:32]} *